| 000 | 00747 a2200217 4500 | ||
|---|---|---|---|
| 003 | OSt | ||
| 005 | 20230706134940.0 | ||
| 008 | 230204s2014 mx a|||f |||| 001 0 spa d | ||
| 020 | _a9786071717788 | ||
| 040 | _cCHAP | ||
| 082 | 0 | 0 |
_222 _a636.313 _bM38 |
| 100 | 1 |
_9187531 _aMartínez, Esmeralda Desdémona |
|
| 245 | 1 | 0 |
_aEvaluación de corderos en pie y en canal / _cpor Esmeralda Desdémona Martínez |
| 264 | 1 |
_aMéxico: _bTrillas, _c2014. |
|
| 300 |
_a86 páginas: _bIlustraciones, cuadros, tablas. |
||
| 504 | _aIncluye índice y bibliografía. | ||
| 650 | 4 |
_945202 _aGanado lanar _xNormas de calidad |
|
| 650 | 4 |
_919124 _aCarne de borrego en canal _xNormas de calidad |
|
| 650 | 7 |
_919122 _aCarne de borrego _xProducción |
|
| 942 |
_cLibro _2ddc |
||
| 999 |
_c218257 _d218257 |
||